000 00841cam a22002537a 4500
001 2578
005 20250826102227.0
020 _z9780590697811
040 _aUUC
_cUUC
_dDLC
_beng
050 0 0 _aQL666.C5
082 0 4 _a597.92
100 1 _aArnosky, Jim
245 1 0 _aAll about turtles /
_cwritten and illustrated by Jim Arnosky
250 _aThis edition first printing, April 2008
260 _aNew York :
_bScholastic,
_c2000
300 _a25 unnumbered pages :
_bcolor illustrations ;
_c20 cm
505 _aU
520 _aDescribes the physical characteristics, behavior, and survival techniques of different kinds of land and sea turtles.
521 _a840
_bLexile
521 _aU
_bRaz-Plus
650 0 _aTurtles
_vJuvenile literature.
906 _a7
_bcbc
_ccopycat
_d2
_encip
_f20
_gy-gencatlg
942 _2ddc
_cBK
_n0
999 _c2578
_d2578